000 00306nam a22001217a 4500
008 180129b xxu||||| |||| 00| 0 eng d
041 _aeng
080 _a94
100 _a16
101 _aHIS
245 _aSeacoast fortifications of the united states an introductory history
_cLewis,E.R
942 _2udc
_cBK
999 _c41156
_d41156